<?xml version="1.0" encoding="UTF-8"?>
<marc:record xmlns:marc="http://www.loc.gov/MARC21/slim">
   <marc:leader>00000nam a2200000 a 4500</marc:leader>
   <marc:datafield ind1="1" ind2=" " tag="100">
      <marc:subfield code="a">Sparks, Nicholas</marc:subfield>
      <marc:subfield code="4">aut</marc:subfield>
      <marc:subfield code="e">Verfasser/-in</marc:subfield>
   </marc:datafield>
   <marc:datafield ind1="1" ind2=" " tag="100">
      <marc:subfield code="a">Hallström, Lasse</marc:subfield>
   </marc:datafield>
   <marc:datafield ind1="1" ind2=" " tag="100">
      <marc:subfield code="a">Hough, Julianne</marc:subfield>
   </marc:datafield>
   <marc:datafield ind1="1" ind2=" " tag="100">
      <marc:subfield code="a">Duhamel, Josh</marc:subfield>
   </marc:datafield>
   <marc:datafield ind1=" " ind2=" " tag="653">
      <marc:subfield code="a">Film</marc:subfield>
   </marc:datafield>
   <marc:datafield ind1=" " ind2=" " tag="653">
      <marc:subfield code="a">Liebesroman</marc:subfield>
   </marc:datafield>
   <marc:datafield ind1="0" ind2="0" tag="245">
      <marc:subfield code="a">Safe Haven</marc:subfield>
   </marc:datafield>
   <marc:datafield ind1="0" ind2="0" tag="245">
      <marc:subfield code="b">Wie ein Licht in der Nacht</marc:subfield>
   </marc:datafield>
   <marc:datafield ind1="0" ind2="0" tag="245">
      <marc:subfield code="c">Nicholas Sparks. Darst.: Josh Duhamel ; Julianne Hough ... Regie: Lasse Hallström</marc:subfield>
   </marc:datafield>
   <marc:datafield ind1=" " ind2="1" tag="264">
      <marc:subfield code="a">Berlin</marc:subfield>
      <marc:subfield code="b">Senator Home Entertainment GmbH</marc:subfield>
      <marc:subfield code="c">2013</marc:subfield>
   </marc:datafield>
   <marc:datafield ind1="1" ind2=" " tag="490">
      <marc:subfield code="a">Katie ist neu in Southport, einem idyllischen und friedlichen Küstenstädtchen in North Carolina. Hier will die junge Frau ihre traumatische Vergangenheit vergessen, für die sie ein Cop aus Boston fieberhaft sucht. Schnell findet sich Katie in ihrer</marc:subfield>
   </marc:datafield>
   <marc:datafield ind1="1" ind2=" " tag="520">
      <marc:subfield code="a">Katie ist neu in Southport, einem idyllischen und friedlichen Küstenstädtchen in North Carolina. Hier will die junge Frau ihre traumatische Vergangenheit vergessen, für die sie ein Cop aus Boston fieberhaft sucht. Schnell findet sich Katie in ihrer neuen Zuflucht zurecht und gewinnt trotz ihres anfangs abweisenden Verhaltens in dem verwitweten Familienvater Alex einen Freund, dem sie wieder trauen kann. Doch können Alex den Schmerz seines Verlustes und Katie ihre schreckliche Vergangenheit wirklich hinter sich lassen?</marc:subfield>
   </marc:datafield>
   <marc:datafield ind1="3" ind2=" " tag="024">
      <marc:subfield code="a">888837048293</marc:subfield>
   </marc:datafield>
   <marc:datafield ind1="0" ind2=" " tag="490">
      <marc:subfield code="v">0</marc:subfield>
   </marc:datafield>
   <marc:datafield ind1=" " ind2=" " tag="300">
      <marc:subfield code="a">1 DVD (PAL, Ländercode 2, ca. 111 Min.) : farbig, mit Ton</marc:subfield>
   </marc:datafield>
</marc:record>
